000 00571nam a2200217Ia 4500
008 200601s9999 xx 000 0 und d
020 _a978-0-8744-3971-5
050 _aMAIN PN 4121
050 _b.S53 2018
100 _aShapira, Allison.
245 0 _aSpeak with impact :
245 0 _bhow to command the room and influence others /
245 0 _cAllison Shapira.
260 _a[s. l.] :
260 _bHarperCollins Leadership,
260 _c2018
300 _a231 pages :
300 _c24 cm.
500 _aIncludes index.
650 _aPublic speaking.
999 _c363206
_d363206